00597nam a22002057a 450000500170000001000130001702000100003003500130004003700160005304000120006908200160008110000210009724500860011826000490020427000480025330000200030165000170032165000320033870000210037020170124110017.0 aA-334435 c00.00 aA-334435 bCen Lib/Ret aDPLbEN a612.67bLEO aLeontjeva, L. P. aHow to live longer in bliss /cby L. P. Leontjeva ; translated by Nikolai Golikov aNew DelhibArnold-Heinemann Publishersc1987 bNew Delhie110028aAB/9, Safdarjang Enclave a137p.c18cm(Hb) aWay of live. aHow to live a long life.z  aGolikov, Nikolai